| 000 | 00891nam a2200241Ia 4500 | ||
|---|---|---|---|
| 003 | GCL | ||
| 008 | 140319s9999 xx 000 0 ara d | ||
| 020 | _a0859215977 | ||
| 040 |
_aGCL / _cGCL |
||
| 082 | 0 | 4 |
_a306 _bو ق |
| 100 | 1 | _aوفاء ابراهيم | |
| 245 | 1 | 0 |
_aقراءة فى الثقافة والعولمة والواقع المصرى والعربى / _cوفاء ابراهيم |
| 250 | _aالاولى | ||
| 260 |
_aالقاهرة : _bدار غريب للطباعة والنشر والتوزيع ، _c2006 |
||
| 300 |
_a242ص ؛ _c24سم |
||
| 650 | 0 | 4 | _aالثقافة الجماهيرية |
| 650 | 0 | 4 | _aالوعى الاجتماعى |
| 650 | 0 | 4 | _aمصر - الاحوال الثقافية |
| 650 | 0 | 4 | _aمصر - الاحوال الاجتماعية |
| 650 | 0 | 4 | _aمصر - الثقافة الجماهيرية |
| 650 | 0 | 4 | _aالعولمة - مصر |
| 942 |
_2ddc _cBK |
||
| 999 |
_c40173 _d40173 |
||